LIBRARY & INFORMATION CENTRE, KCAET, TAVANUR

ONLINE PUBLIC ACCESS CATALOGUE (OPAC)

Thomas Decker / (Record no. 482)

MARC details
000 -LEADER
fixed length control field 00371cam a2200157ua 4500
041 ## - LANGUAGE CODE
Language code of text/sound track or separate title eng
082 ## - DEWEY DECIMAL CLASSIFICATION NUMBER
Classification number 822
Item number DEK/TH
100 ## - MAIN ENTRY--AUTHOR NAME
Personal name Decker, Thomas .
245 ## - TITLE STATEMENT
Title Thomas Decker /
260 ## - PUBLICATION, DISTRIBUTION, ETC. (IMPRINT)
Place of publication London :
Name of publisher Earnest Benn Ltd ,
Year of publication 1949.
300 ## - PHYSICAL DESCRIPTION
Number of Pages 478 ; .
942 ## - ADDED ENTRY ELEMENTS (KOHA)
Koha item type Books
Holdings
Withdrawn status Lost status Damaged status Home library Current library Date acquired Full call number Accession Number Koha item type Cost, normal purchase price Public note
Withdrawn     KAUAET Sanskrit University 07/04/2012 822 11614 Books    
Withdrawn     KAUAET Sanskrit University 07/04/2012 822 7042 Books 12.60 Transferred to Sanskrit University
free website counter